02626cam a2200265 a 4500003000900000005001700009008004100026040002800067041000800095100003400103245020600137246011300343260005300456300004500509502008700554520150900641530002202150653000802172653001202180653001002192700003902202700004302241700004302284856003302327EG-GiCUC20250223032712.0210306s2020 ua dh f m 000 0 eng d aEG-GiCUCbengcEG-GiCUC0 aeng0 aShereen Ameen Zaky Elmallwany10aEvaluation of ventricular arrhythmias in children with a structurally normal heart / cShereen Ameen Zaky Elmallwany ; Supervised Gehan Hussein Ahmed , Noha Hosam Eldin Behery , Osama Mohamed Abdalaziz15aتقييم ضربات القلب البطينية فى الأطفال ذوى القلوب الطبيعية aCairo : bShereen Ameen Zaky Elmallwany , c2020 a125 P. : bcharts , facsimiles ; c25cm  aThesis (Ph.D.) - Cairo University - Faculty of Medicine - Department of Pediatrics aBackground: Ventricular arrhythmia may be an isolated benign finding in children, a marker of serious systemic disease or myopathy or a mechanism for syncope and sudden cardiac death. Arrhythmogenic right ventricular dysplasia (ARVD) is an inherited cardiomyopathy disorder, leading to arrhythmias, and predominantly involving the right ventricular myocardium. Aim of the work: Evaluation of pediatric patients with ventricular arrhythmias for presence of systemic disease and detection of cardiac abnormalities that could not be detected by routine echocardiography using cardiac magnetic resonance imaging (CMR) in children with a structurally normal heart. Methodology: Twenty one cases of ventricular arrhythmias with a structurally normal heart were included. We studied the clinical picture, 12 leads ECG with measurement of {QRS duration, QTc, QTc dispersion, JTc, JTc dispersion, T (p-e) and T (p-e)/QT}, 24 hours Holter monitoring, Echocardiography and CMR for selected cases. Results: Palpitation was the presenting symptom in 66.6% of the cases and syncope in 23.8%. Ventricular arrhythmias were of right ventricular origin in 95.2% of the cases, polymorphic in 61.9%. QTc dispersion and JTc dispersion were statistically significant higher in cases with chest pain (P value 0.001). Holter detected ventricular arrhythmias frequency ranged from (4-47%).One case was diagnosed as Wilson disease. No cardiac abnormalities were detected in CMR. Medical management was indicated in 16 cases (76%) aIssued also as CD 4aECG 4aHolter  4aPVCs 0 aGehan Hussein Ahmed , eSupervisor0 aNoha Hosam Eldin Behery , eSupervisor0 aOsama Mohamed Abdalaziz , eSupervisor uhttp://172.23.153.220/th.pdf